000 00709nam a2200217 i 4500
001 bgj
100 1 _aSOLZHENITSYN, Aleksander
_d(1918- )
245 1 0 _aOne Day in the Life of Ivan Denisovich /
_cAlexander Solzhenitsyn ; translated by Max Hayward and Ronald Hingley ; introduction by Max Hayward and Leopold Labedz.
260 _aNew York :
_bBantam Books,
_c1963.
300 _aXX, 203 pp ;
_c18 cm.
650 9 _aForced labor
_zSoviet Union
650 9 _aCommunism
655 _aFiction
700 1 _aHAYWARD, Max.
_etransl.
700 1 _aHINGLEY, Ronald.
_etransl.
700 1 _aLABEDZ, Leopold
040 _cBPK
041 0 _aeng
_hrus
942 _cKS
008 s uk f |000 0 eng
999 _c48813
_d48813
856 _uhttp://koha.tu.koszalin.pl/cgi-bin/koha/opac-detail.pl?biblionumber=48813
_yKatalog online BPK